| 000 | 00468nam a2200181Ia 4500 | ||
|---|---|---|---|
| 001 | 20416 | ||
| 005 | 20260306172804.0 | ||
| 008 | 260306t2015||||xx |||||||||||||| ||spa|| | ||
| 041 | _aESP | ||
| 082 |
_a343.2J _bC235 |
||
| 100 |
_aTribunal Constitucional del Perú _eAUT |
||
| 245 | 0 | _aEl proceso de inconstitucionalidad en la jurisprudencia | |
| 260 | _c2015 | ||
| 300 |
_a323 páginas : _c24 cm. |
||
| 650 | _aGEN | ||
| 654 | _aCDE | ||
| 942 |
_cLIB _dJUS _fJUS _2ddc _n |
||
| 999 |
_c20416 _d20416 |
||